[Event "8th ch-Euro"]
[Site "Dresden GER"]
[Date "2007.04.06"]
[Round "4"]
[White "Figura,A"]
[Black "Huschenbeth,N"]
[Result "1-0"]
[WhiteElo "2408"]
[BlackElo "2259"]
[EventDate "2007.04.03"]

1. d4 Nf6 2. c4 g6 3. Nc3 Bg7 4. Nf3 O-O 5. e4 d6 6. Be3 c5 7. d5 b5 8.
cxb5 a6 9. a4 Qa5 10. Bd2 Nbd7 11. Be2 axb5 12. Bxb5 Ba6 13. O-O Bxb5 14.
Nxb5 Qb6 15. Qc2 Rfb8 16. Bc3 Ne8 17. Nd2 Qa6 18. b3 Qc8 19. Nc4 Nc7 20.
Bxg7 Kxg7 21. Qc3+ f6 22. Nca3 Nxb5 23. Nxb5 c4 24. bxc4 Nc5 25. Qc2 Ra5
26. Ra2 Rba8 27. Rfa1 Qg4 28. f3 Qf4 29. Ra3 Qe5 30. g3 g5 31. R1a2 Kf7 32.
Qd1 g4 33. Nd4 gxf3 34. Nc6 Qh5 35. Rxf3 Nxe4 36. Nxa5 Rxa5 37. Raf2 Kg7
38. Rf1 Ng5 39. Re3 Qxd1 40. Rxd1 Kf8 41. Ra1 Nf7 42. Rb3 Ne5 43. Rb5 Ra7
44. a5 Nd7 45. Kf2 Kf7 46. Ke3 Nc5 47. Kd4 Na6 48. c5 dxc5+ 49. Rxc5 Ke8
50. Rc6 Kd7 51. Kc4 Nb8 52. Kb5 Nxc6 53. dxc6+ Kc7 54. Rd1 1-0

[Event "8th ch-Euro"]
[Site "Dresden GER"]
[Date "2007.04.06"]
[Round "4"]
[White "Zueger,B"]
[Black "Luechtemeier,P"]
[Result "1-0"]
[WhiteElo "2415"]
[BlackElo "2270"]
[EventDate "2007.04.03"]

1. d4 d5 2. c4 c6 3. Nf3 Nf6 4. g3 e6 5. Bg2 Nbd7 6. Qc2 Be7 7. Nbd2 O-O 8.
e4 dxe4 9. Nxe4 Nxe4 10. Qxe4 Bb4+ 11. Ke2 Bd6 12. Rd1 Qe7 13. Bf4 Bxf4 14.
Qxf4 c5 15. Kf1 cxd4 16. Qxd4 Rb8 17. Qxa7 Qb4 18. b3 Qc5 19. Qxc5 Nxc5 20.
b4 Na4 21. Rac1 f6 22. Nd4 Bd7 23. Nf5 Rfd8 24. Nd6 Bc6 25. c5 Kf8 26. Bxc6
bxc6 27. b5 Rd7 28. bxc6 Rc7 29. Rd4 Ra8 30. Rcc4 Nb2 31. Rb4 e5 32. Rh4
Nd3 33. Rb7 1-0

[Event "8th ch-Euro"]
[Site "Dresden GER"]
[Date "2007.04.06"]
[Round "4"]
[White "Wippermann,T"]
[Black "Yaksin,O"]
[Result "1-0"]
[WhiteElo "2403"]
[BlackElo "2236"]
[EventDate "2007.04.03"]

1. e4 e5 2. Nf3 Nf6 3. Nxe5 d6 4. Nf3 Nxe4 5. Nc3 Nxc3 6. dxc3 Be7 7. Be3
Nc6 8. Qd2 Bg4 9. Be2 Qd7 10. h3 Bf5 11. O-O-O O-O-O 12. Nd4 Nxd4 13. Qxd4
c5 14. Qxg7 Qa4 15. Bd3 Bxd3 16. cxd3 Qxa2 17. Qg4+ Kb8 18. Qc4 Qxc4 19.
dxc4 Kc7 20. Rd5 a6 21. Kc2 b5 22. Ra1 bxc4 23. Rxa6 Ra8 24. Rxa8 Rxa8 25.
Rf5 f6 26. Rh5 Rh8 27. g4 Kd7 28. b3 cxb3+ 29. Kxb3 Ke6 30. Kc4 Bf8 31. f4
Bg7 32. Bf2 h6 33. f5+ Ke5 34. Bg3+ Ke4 35. Bxd6 Rc8 36. h4 Kf3 37. g5 Kg4
38. gxf6 Bxf6 39. Rxh6 Kxf5 40. h5 Bg7 41. Rh7 Bf6 42. Bg3 Rh8 43. Rc7 Rxh5
44. Bf2 Rh3 45. Rxc5+ Ke6 46. Rc6+ Kf7 47. Be1 Re3 48. Bd2 Re2 49. Rd6 Be5
50. Rd3 Ke6 51. Be3 Rb2 52. Bc5 Rb8 53. Re3 Kf5 54. Bd4 Bf4 55. Re2 Rc8+
56. Kd3 Rc7 57. Re8 Bd6 58. c4 Re7 59. Rf8+ Ke6 60. c5 Bc7 61. Kc4 Rf7 62.
Rg8 Rf4 63. Rg6+ Ke7 64. Kd5 Ke8 65. Kc6 Bd8 66. Be5 Rf5 67. Bd6 Kf7 68.
Rh6 Rf6 69. Rh5 Ba5 70. Kd7 Bb4 71. Rd5 Bxc5 72. Rxc5 Rf1 73. Re5 Rf6 74.
Re1 Rf3 75. Re8 Rf6 76. Be7 Ra6 77. Rf8+ Kg7 78. Rf3 Kg6 79. Bd6 Ra2 80.
Ke6 Ra5 81. Rb3 Rg5 82. Be5 Kh5 83. Bf4 Ra5 84. Rg3 Kh4 85. Rg8 Kh3 86. Be5
Ra7 87. Kf5 Rf7+ 88. Ke4 Kh4 89. Bf4 Kh5 90. Rg2 Ra7 91. Be5 Rf7 92. Rg8
Kh6 93. Kd5 Ra7 94. Ke6 Ra2 95. Bf4+ Kh7 96. Rg4 Ra6+ 97. Kf5 Ra2 98. Be5
Rf2+ 99. Ke6 Ra2 100. Bf6 Ra5 101. Kf7 Kh6 102. Rb4 Rc5 103. Rb8 Kh5 104.
Rg8 Rb5 105. Rg1 Kh6 106. Rg2 Ra5 107. Ke6 Ra6+ 108. Kf5 Ra5+ 109. Be5 Kh7
110. Rg7+ Kh6 111. Rg8 Ra7 112. Rg2 Kh7 113. Rh2+ Kg8 114. Rh8+ Kf7 115.
Rh7+ 1-0

[Event "8th ch-Euro"]
[Site "Dresden GER"]
[Date "2007.04.06"]
[Round "4"]
[White "Danilov,I"]
[Black "Armbrust,F"]
[Result "1/2-1/2"]
[WhiteElo "2405"]
[BlackElo "2261"]
[EventDate "2007.04.03"]

1. d4 Nf6 2. c4 g6 3. g3 Bg7 4. Bg2 O-O 5. Nc3 d6 6. Nf3 Nbd7 7. O-O e5 8.
e4 c6 9. h3 exd4 10. Nxd4 Qb6 11. Na4 Qa6 12. b3 Nc5 13. Nc3 Re8 1/2-1/2

[Event "8th ch-Euro"]
[Site "Dresden GER"]
[Date "2007.04.06"]
[Round "4"]
[White "Hartoch,R"]
[Black "Zude,E"]
[Result "1/2-1/2"]
[WhiteElo "2242"]
[BlackElo "2411"]
[EventDate "2007.04.03"]

1. Nf3 e6 2. g3 f5 3. Bg2 Nf6 4. O-O Be7 5. c4 O-O 6. d4 d6 7. Nc3 a5 8.
Bg5 Nbd7 9. Qc2 h6 10. Bxf6 Nxf6 11. e4 Nxe4 12. Nxe4 fxe4 13. Qxe4 a4 14.
Rfe1 c6 15. Re2 Ra5 16. Rae1 Raf5 17. Nd2 e5 18. Nf1 R5f7 19. Ne3 Qa5 20.
d5 c5 21. Rf1 Bg5 22. h4 Bxe3 23. Qxe3 Bg4 24. f3 Bd7 25. Ref2 Qb4 26. Rc1
b5 27. a3 Qa5 28. cxb5 Qxb5 29. Bf1 Qb7 30. Bd3 Bf5 31. Be4 Bxe4 32. Qxe4
Qe7 33. Kg2 Rb8 34. Rc4 Rb3 35. Rxa4 Qb7 36. Kh3 Rf8 37. Qg6 Rf6 38. Qe8+
Kh7 39. Ra8 Qxd5 40. Qh8+ Kg6 41. h5+ Kxh5 42. Qxg7 Rg6 43. g4+ Kg5 44.
Qe7+ Kf4 45. Rf8+ Ke3 46. Kg3 Qb7 47. Qe8 Rxb2 48. Rxb2 Qxb2 49. Qxg6
1/2-1/2

[Event "8th ch-Euro"]
[Site "Dresden GER"]
[Date "2007.04.06"]
[Round "4"]
[White "Atakisi,U"]
[Black "Schulz,M1"]
[Result "1-0"]
[WhiteElo "2384"]
[BlackElo "2274"]
[EventDate "2007.04.03"]

1. e4 e6 2. d4 d5 3. Nd2 Nf6 4. e5 Nfd7 5. Bd3 c5 6. c3 Nc6 7. Ne2 Qb6 8.
Nf3 cxd4 9. cxd4 f6 10. exf6 Nxf6 11. O-O Bd6 12. b3 O-O 13. Bb2 Bd7 14.
Ng3 g6 15. Re1 Ng4 16. Qe2 Rae8 17. Bb5 e5 18. Bxc6 Bxc6 19. dxe5 Bc5 20.
Nh1 d4 21. Qc4+ Kh8 22. Rac1 Rxf3 23. Qxc5 Qxc5 24. Rxc5 Rd3 25. h3 Nh6 26.
Ng3 Nf5 27. Nxf5 gxf5 28. Rc4 Rg8 29. g3 f4 30. Rxd4 Rxd4 31. Bxd4 Rd8 32.
Rd1 fxg3 33. fxg3 Kg8 34. Rd2 a5 35. Kf2 a4 36. bxa4 Rf8+ 37. Ke1 Rf3 38.
Bf2 Ra3 39. e6 Rxa4 40. Rd8+ Kg7 41. Bd4+ Kg6 42. g4 Kg5 43. e7 Kh4 44.
Bf6+ Kxh3 45. g5 Re4+ 46. Kd2 Kg4 47. Rh8 Kf5 48. Rxh7 Ra4 49. Rh8 Rxa2+
50. Ke1 Ra4 51. e8=Q Bxe8 52. Rxe8 Rb4 53. Re5+ Kg6 54. Kd2 Rb3 55. Kc2 Rb6
56. Kc3 Rb1 57. Kc4 Rb6 58. Rb5 1-0

[Event "8th ch-Euro"]
[Site "Dresden GER"]
[Date "2007.04.06"]
[Round "4"]
[White "Bente,B"]
[Black "Degtiarev,E"]
[Result "1-0"]
[WhiteElo "2228"]
[BlackElo "2393"]
[EventDate "2007.04.03"]

1. d4 d5 2. c4 c6 3. Nf3 Nf6 4. Nc3 a6 5. Ne5 Nbd7 6. Bf4 Nh5 7. Nxd7 Nxf4
8. Nxf8 Kxf8 9. e3 Ng6 10. cxd5 cxd5 11. Bd3 e6 12. Qh5 f5 13. g4 Ne7 14.
gxf5 exf5 15. O-O-O Be6 16. Kb1 g6 17. Qh6+ Kf7 18. h4 Ng8 19. Qf4 Qb8 20.
Qf3 Nf6 21. Rdg1 Ke7 22. h5 Bf7 23. Rh4 Qd6 24. Rg5 Rac8 25. Bxf5 gxf5 26.
Rxf5 Rhf8 27. Rhf4 Bg8 28. e4 Rxc3 29. bxc3 Nxe4 30. Qe3 Rxf5 31. Rxf5 Be6
32. Re5 Qc6 33. Kc2 Qa4+ 34. Kb2 Qb5+ 35. Kc2 Qf1 36. f3 Qf2+ 37. Qxf2 Nxf2
38. c4 Kd6 39. c5+ Ke7 40. Kd2 Kf6 41. Re1 Bf5 42. Re8 Bd7 43. Rd8 Bc6 44.
Ke3 Nd1+ 45. Kf4 Nc3 46. Rd6+ Kf7 47. Ke5 Nxa2 48. Rf6+ Kg8 49. h6 Nb4 50.
Ke6 Bb5 51. Rf7 Nc6 52. Rc7 Nxd4+ 53. Ke7 Nc6+ 54. Kf6 Na7 55. Rxb7 Nc6 56.
Rc7 Nd8 57. Rc8 Kf8 58. Rxd8+ Be8 59. c6 1-0

[Event "8th ch-Euro"]
[Site "Dresden GER"]
[Date "2007.04.06"]
[Round "4"]
[White "Erturan,Y"]
[Black "Natsidis,C"]
[Result "1-0"]
[WhiteElo "2360"]
[BlackElo "2183"]
[EventDate "2007.04.03"]

1. b3 d5 2. Bb2 c5 3. Nf3 Nc6 4. e3 Nf6 5. Be2 Qc7 6. c4 e6 7. O-O Be7 8.
cxd5 exd5 9. d4 cxd4 10. Nxd4 O-O 11. Nc3 a6 12. Bf3 Be6 13. Rc1 Rac8 14.
Nce2 Bd6 15. h3 Qe7 16. Nf4 Rfd8 17. Nxc6 bxc6 18. Qd3 Bd7 19. Rfd1 Re8 20.
Rc2 a5 21. Rdc1 Ra8 22. Qd4 Reb8 23. Nd3 a4 24. bxa4 Bf5 25. Rd2 Bxd3 26.
Rxd3 Rb4 27. Qc3 Rc4 28. Qd2 Raxa4 29. Rxc4 Rxc4 30. Rd4 Bb4 31. Qd3 Rxd4
32. Qxd4 h6 33. Qh4 Ba3 34. Bc3 Qd6 35. g3 Ne8 36. Kg2 Nc7 37. e4 Ne6 38.
exd5 cxd5 39. Qa4 Bc5 40. Qa8+ Nf8 41. Qxd5 Qb6 42. Qe5 Ne6 43. Bd5 Bf8 44.
a4 Bd6 45. Qf5 Bc5 46. a5 Qd6 47. Qe5 Qe7 48. a6 Bd6 49. Qe4 Bb8 50. Bxe6
fxe6 51. Bd4 Kf7 52. Qf3+ Kg6 53. Qb7 Qxb7+ 54. axb7 e5 55. Bc3 Kf5 56. Kf3
h5 57. g4+ hxg4+ 58. hxg4+ Ke6 59. Ke4 g6 60. f3 Bc7 61. Be1 Bd6 62. Bg3
1-0

[Event "8th ch-Euro"]
[Site "Dresden GER"]
[Date "2007.04.06"]
[Round "4"]
[White "Vehi Bach,V"]
[Black "Jaenig,R"]
[Result "1-0"]
[WhiteElo "2368"]
[BlackElo "2176"]
[EventDate "2007.04.03"]

1. e4 c5 2. Nf3 e6 3. d4 cxd4 4. Nxd4 Bc5 5. Be3 Qb6 6. c3 Nc6 7. Nd2 Nxd4
8. Nc4 Qc7 9. Bxd4 Nf6 10. e5 Nd5 11. Bxc5 Qxc5 12. Nd6+ Ke7 13. Qh5 g6 14.
Qh4+ f6 15. Qh6 fxe5 16. Qg7+ Kd8 17. Qxh8+ Kc7 18. O-O-O 1-0

[Event "8th ch-Euro"]
[Site "Dresden GER"]
[Date "2007.04.06"]
[Round "4"]
[White "Sejkora,V"]
[Black "Sievers,S"]
[Result "0-1"]
[WhiteElo "2213"]
[BlackElo "2376"]
[EventDate "2007.04.03"]

1. e4 e6 2. d3 d5 3. Nd2 Nf6 4. Ngf3 Bc5 5. e5 Nfd7 6. d4 Bb6 7. Bd3 c5 8.
dxc5 Nxc5 9. Nb3 Nxd3+ 10. Qxd3 Nc6 11. O-O f6 12. exf6 Qxf6 13. c3 O-O 14.
Bg5 Qf5 15. Qd2 Bd7 16. Nbd4 Nxd4 17. cxd4 Be8 18. Be7 Rf7 19. Bd6 Rd8 20.
Bg3 h6 21. Ne5 Rc7 22. Rac1 Rdc8 23. Rxc7 Rxc7 24. h3 a5 25. Qe3 Qe4 26.
Qa3 Bb5 27. Ra1 Rc2 28. Nf3 Kh7 29. Re1 Re2 30. Rc1 Bxd4 31. Rc8 Qb1+ 32.
Kh2 Bxf2 33. Bxf2 Qf1 34. Qf8 Qxf2 35. Qg8+ Kg6 36. Nh4+ Qxh4 37. Rc3 Re5
38. Rg3+ Rg5 39. Qxe6+ Kh7 40. Rf3 Qe4 0-1

[Event "8th ch-Euro"]
[Site "Dresden GER"]
[Date "2007.04.06"]
[Round "4"]
[White "Meinhardt,Ma"]
[Black "Sondermann,J"]
[Result "1-0"]
[WhiteElo "2369"]
[BlackElo "2154"]
[EventDate "2007.04.03"]

1. e4 e5 2. Nf3 Nc6 3. d4 exd4 4. Nxd4 Nf6 5. Nxc6 bxc6 6. e5 Qe7 7. Qe2
Nd5 8. c4 Ba6 9. b3 g6 10. f4 g5 11. f5 Qb4+ 12. Bd2 Qb6 13. Qe4 Nf4 14.
Nc3 Ba3 15. g3 d5 16. exd6+ Kf8 17. Qe7+ Kg7 18. Qxg5+ Ng6 19. Qh6+ Kf6 20.
Ne4+ Kxf5 21. Qh5+ Kxe4 22. Qe2+ Kf5 23. Bh3+ Kf6 24. Bc3+ Kg5 25. Qd2+ Kh5
26. g4+ 1-0

[Event "8th ch-Euro"]
[Site "Dresden GER"]
[Date "2007.04.06"]
[Round "4"]
[White "Srienz,C"]
[Black "Savickas,A"]
[Result "1/2-1/2"]
[WhiteElo "2208"]
[BlackElo "2360"]
[EventDate "2007.04.03"]

1. Nf3 d6 2. g3 g6 3. Bg2 Bg7 4. O-O Nf6 5. c4 O-O 6. Nc3 Nc6 7. d3 e5 8.
Rb1 a5 9. a3 Bf5 10. Bg5 h6 11. Bxf6 Bxf6 12. Nd5 Bg7 13. b4 axb4 14. axb4
Qd7 15. b5 Nd8 16. Ne1 Be6 17. Nc2 f5 18. b6 c6 19. Nc7 Rb8 20. Nxe6 Nxe6
21. Ra1 Ra8 22. Qd2 Rfc8 23. Ra5 Nc5 24. Rb1 Rxa5 25. Qxa5 Qd8 26. Qb4 Ra8
27. Ra1 Rxa1+ 28. Nxa1 Bf8 29. Nb3 Nd7 30. Qa5 Be7 31. Qa7 Qxb6 32. Qxb6
Nxb6 33. Na5 d5 34. cxd5 cxd5 35. Nxb7 Bb4 36. Nd8 Kf8 37. Nc6 Bd6 38. e3
Ke8 39. Na5 Kd7 40. Bf1 Bb4 41. Nb3 Kc6 42. d4 e4 43. Ba6 g5 44. Kg2 Bd6
45. f3 h5 46. Nd2 g4 47. fxe4 fxe4 48. h3 gxh3+ 49. Kxh3 Nd7 50. Be2 Nf6
51. Nf1 Kb6 52. Kh4 Ka5 53. Bxh5 Nxh5 54. Kxh5 Kb4 55. Kg6 Kc4 56. Kf7 Bc7
57. Ke8 Kd3 58. g4 Ke2 59. g5 Bf4 60. g6 Bh6 61. Ng3+ Kxe3 62. Nf5+ Kd3 63.
Nxh6 e3 64. g7 e2 65. g8=Q e1=Q 66. Kd7 Qe4 67. Ng4 Qxd4 68. Qg6+ Kc3 69.
Qc6+ Qc4 70. Qf6+ d4 71. Ne5 Qb5+ 72. Nc6 Qd5+ 73. Kc7 Qc5 74. Qf1 Kb2 75.
Qd3 Qc3 76. Qb5+ Kc1 77. Qg5+ Kb1 78. Qg1+ Kb2 79. Qxd4 Qxd4 80. Nxd4
1/2-1/2

[Event "8th ch-Euro"]
[Site "Dresden GER"]
[Date "2007.04.06"]
[Round "4"]
[White "Windelband,J"]
[Black "Pitl,G"]
[Result "0-1"]
[WhiteElo "2174"]
[BlackElo "2357"]
[EventDate "2007.04.03"]

1. e4 c5 2. Nf3 d6 3. d4 cxd4 4. Nxd4 Nf6 5. Nc3 Nc6 6. Bg5 e6 7. Qd2 a6 8.
O-O-O Bd7 9. f4 h6 10. Bh4 g5 11. fxg5 Ng4 12. Be2 Nge5 13. Nf3 Be7 14.
Rhg1 b5 15. b3 Rc8 16. Kb1 Qa5 17. Rdf1 Ng6 18. Be1 b4 19. Na4 hxg5 20. Nb2
g4 21. Nc4 Qc7 22. Ng5 f6 23. e5 Ncxe5 24. Ne4 Nxc4 25. Bxc4 f5 26. Ng3 d5
27. Nxf5 exf5 28. Qxd5 Rf8 29. Bg3 Qc5 30. Qd3 Bb5 31. Bf2 Bxc4 32. Bxc5
Bxd3 33. Bxe7 Bxc2+ 0-1

[Event "8th ch-Euro"]
[Site "Dresden GER"]
[Date "2007.04.06"]
[Round "4"]
[White "Schiefner,R"]
[Black "Bach,Mat"]
[Result "0-1"]
[WhiteElo "2047"]
[BlackElo "2364"]
[EventDate "2007.04.03"]

1. e4 c5 2. Nf3 Nf6 3. Nc3 d5 4. exd5 Nxd5 5. Bb5+ Bd7 6. O-O Bxb5 7. Nxb5
a6 8. Nc3 Nc6 9. Re1 e6 10. d4 cxd4 11. Nxd4 Nxc3 12. bxc3 Be7 13. Qg4 O-O
14. Bh6 Bf6 15. Rad1 Qa5 16. Nxc6 bxc6 17. Re3 Kh8 18. Qf3 Rad8 19. Rxd8
Rxd8 20. g4 Qd5 21. Qf4 e5 22. Qf5 Qe6 23. Rf3 e4 24. Qxe6 Rd1+ 0-1

[Event "8th ch-Euro"]
[Site "Dresden GER"]
[Date "2007.04.06"]
[Round "4"]
[White "Grosse,Man"]
[Black "Espig,L"]
[Result "0-1"]
[WhiteElo "1923"]
[BlackElo "2351"]
[EventDate "2007.04.03"]

1. e4 c5 2. b3 d6 3. Bb5+ Nd7 4. f4 a6 5. Bxd7+ Bxd7 6. Nf3 Nf6 7. d3 g6 8.
Bb2 Bg7 9. O-O O-O 10. c4 b5 11. Qe1 e6 12. Nbd2 Bc6 13. f5 exf5 14. exf5
Re8 15. Qh4 Nh5 16. fxg6 hxg6 17. Qxd8 Raxd8 18. Bxg7 Kxg7 19. Rae1 Nf4 20.
Rxe8 Rxe8 21. Nd4 Ne2+ 22. Nxe2 Rxe2 23. Rf2 Re3 24. cxb5 Bxb5 25. h3 Bxd3
26. Rf4 Re1+ 27. Kh2 Re2 28. Nf3 Rxa2 29. b4 Ra4 30. Ng5 Bf5 0-1

[Event "8th ch-Euro"]
[Site "Dresden GER"]
[Date "2007.04.06"]
[Round "4"]
[White "Kaphle,Se"]
[Black "Pajeken,W"]
[Result "1/2-1/2"]
[WhiteElo "2010"]
[BlackElo "2346"]
[EventDate "2007.04.03"]

1. e4 Nf6 2. e5 Nd5 3. d4 d6 4. c4 Nb6 5. exd6 cxd6 6. Nc3 g6 7. Be3 Bg7 8.
h3 O-O 9. Nf3 Nc6 10. Be2 Bf5 11. O-O d5 12. c5 Nc4 13. Bxc4 dxc4 14. Re1
Bd3 15. Rc1 Re8 16. Ne2 e5 17. dxe5 Nxe5 18. Nxe5 Bxe5 19. Nc3 b5 20. cxb6
axb6 21. Qd2 b5 22. a3 Qa5 23. Bf4 Bg7 24. Rxe8+ Rxe8 25. Re1 Qd8 26. Rxe8+
Qxe8 27. Bh6 Bd4 28. Be3 Bg7 29. Bh6 Bd4 30. Be3 1/2-1/2

[Event "8th ch-Euro"]
[Site "Dresden GER"]
[Date "2007.04.06"]
[Round "4"]
[White "Beck,F"]
[Black "Katte,N"]
[Result "1/2-1/2"]
[WhiteElo "2346"]
[BlackElo "1928"]
[EventDate "2007.04.03"]

1. e4 e5 2. Nf3 Nf6 3. d4 Nxe4 4. Bd3 d5 5. Nxe5 Nd7 6. Nxd7 Bxd7 7. O-O
Bd6 8. Nc3 Bf5 9. Qf3 Bg6 10. Nxe4 dxe4 11. Bxe4 Qh4 12. g3 Qxe4 13. Qxe4+
Bxe4 14. Re1 f5 15. f3 O-O-O 16. fxe4 Rhe8 17. Bg5 Be7 18. Bxe7 Rxe7 19.
exf5 Rf7 20. c3 Rxf5 21. Re2 Rd7 22. Rae1 Ra5 23. a3 Rb5 24. b4 Rb6 25. c4
Rg6 26. d5 Rg4 27. Re8+ Rd8 28. R8e4 Rg5 29. Re5 Rg4 30. R1e4 Rxe4 31. Rxe4
b5 32. cxb5 Rxd5 33. Re7 Rd7 34. Rxd7 Kxd7 35. Kf2 c6 36. b6 axb6 37. a4
Kd6 38. a5 bxa5 39. bxa5 c5 40. Ke3 Kc6 41. Ke4 Kb5 42. Kd5 c4 43. Kd4 Kb4
44. a6 c3 45. Kd3 Kb3 46. a7 c2 47. a8=Q c1=Q 48. Qg8+ Kb4 49. Qxg7 Qb1+
50. Ke3 Qg1+ 51. Kf3 Qxh2 52. Qd4+ Kb5 53. Qd5+ Kb4 54. Kg4 Qe2+ 55. Qf3
Qxf3+ 56. Kxf3 Kc5 57. Kf4 Kd6 58. Kg5 Ke6 59. g4 Ke5 60. Kh5 Kf4 61. g5
Kf5 62. Kh6 Kf4 63. Kxh7 Kxg5 1/2-1/2

[Event "8th ch-Euro"]
[Site "Dresden GER"]
[Date "2007.04.06"]
[Round "4"]
[White "Kues,H"]
[Black "Borriss,M"]
[Result "1-0"]
[WhiteElo "2243"]
[BlackElo "2463"]
[EventDate "2007.04.03"]

1. Nf3 c5 2. c4 Nc6 3. g3 e5 4. Nc3 g6 5. Bg2 Bg7 6. a3 a5 7. d4 cxd4 8.
Nb5 d6 9. e3 Nf6 10. exd4 O-O 11. O-O Bg4 12. h3 Bxf3 13. Bxf3 e4 14. Bg2
Rc8 15. Bf4 d5 16. c5 Ne8 17. Qd2 f5 18. b4 Ra8 19. Rfd1 Bf6 20. h4 Qd7 21.
Bf1 Ng7 22. Bd6 Ne6 23. Qa2 Ne7 24. Nc3 axb4 25. Bb5 Nc6 26. Nxd5 Rxa3 27.
Qc4 Rxa1 28. Nxf6+ Rxf6 29. Rxa1 f4 30. d5 fxg3 31. Bxg3 e3 32. dxe6 exf2+
33. Bxf2 Rxe6 34. Bxc6 Qxc6 35. Re1 Kf7 36. Rxe6 Qxe6 37. Qxb4 Qd5 38. Qf4+
Ke6 39. Qd4 Qc6 40. Qc4+ Kf5 41. Qd3+ Ke6 42. Qe3+ Kf7 43. Qf4+ Ke6 44. Qf8
Qd7 45. Qf3 Ke7 46. Qe4+ Kf7 47. Bd4 Qb5 48. Qd5+ Ke7 49. Qd6+ Ke8 50. Qe6+
Kf8 51. Qf6+ Ke8 52. Qh8+ Kd7 53. Qxh7+ Kc6 54. Qxg6+ Kd5 55. Bf2 Qe2 56.
Qg8+ Kc6 57. Qc8+ Kb5 58. Qxb7+ Ka4 59. Qd7+ Ka5 60. c6 Qc2 61. Be1+ Kb5
62. c7+ Kb6 63. Bf2+ 1-0

[Event "8th ch-Euro"]
[Site "Dresden GER"]
[Date "2007.04.06"]
[Round "4"]
[White "Lyell,M"]
[Black "Marzolo,C"]
[Result "0-1"]
[WhiteElo "2212"]
[BlackElo "2472"]
[EventDate "2007.04.03"]

1. e4 e6 2. d4 d5 3. e5 c5 4. c3 Qb6 5. Nf3 Nc6 6. a3 Nh6 7. Bd3 cxd4 8.
cxd4 Bd7 9. Bc2 Nf5 10. Bxf5 exf5 11. Nc3 Be6 12. b4 h6 13. h4 Be7 14. Na4
Qc7 15. Bf4 b6 16. Qd2 Qb7 17. Nc3 a6 18. Na4 Kd7 19. Rc1 Rhc8 20. O-O Na7
21. Rxc8 Rxc8 22. Rc1 Nb5 23. Rxc8 Kxc8 24. Qc1+ Kd7 25. h5 Qc6 26. Kf1
Qxc1+ 27. Bxc1 Kc6 28. Ke2 f4 29. Bb2 Bg4 30. Kd2 Bxh5 31. Ne1 g5 32. Nc2
Bg6 33. Na1 a5 34. Nb3 h5 35. f3 g4 36. fxg4 f3 0-1

[Event "8th ch-Euro"]
[Site "Dresden GER"]
[Date "2007.04.06"]
[Round "4"]
[White "Butnorius,A"]
[Black "Van Hoolandt,P"]
[Result "1-0"]
[WhiteElo "2402"]
[BlackElo "2257"]
[EventDate "2007.04.03"]

1. Nf3 Nf6 2. c4 e6 3. g3 a6 4. Bg2 b5 5. b3 Bb7 6. O-O c5 7. Nc3 Qb6 8. d3
Nc6 9. e4 d6 10. h3 Be7 11. Be3 O-O 12. Rb1 b4 13. Na4 Qc7 14. Ne1 Nd7 15.
Nc2 Bf6 16. Qd2 Nb6 17. Nxb6 Qxb6 18. f4 a5 19. Qf2 Bd4 20. Bxd4 Nxd4 21.
Nxd4 cxd4 22. f5 f6 23. fxe6 Rae8 24. Qb2 Rxe6 25. a3 Ra8 26. Kh2 Qc5 27.
Ra1 Ree8 28. axb4 axb4 29. Rf5 Re5 30. Rxa8+ Bxa8 31. Qa1 Bb7 32. Rf2 Bc6
33. Qa6 Be8 34. Ra2 Qc6 35. Qa7 Qc5 36. Qb7 Qc6 37. Qxb4 h5 38. h4 g5 39.
Ra7 gxh4 40. gxh4 f5 1-0

[Event "8th ch-Euro"]
[Site "Dresden GER"]
[Date "2007.04.06"]
[Round "4"]
[White "Moor,R"]
[Black "Czap,B"]
[Result "1-0"]
[WhiteElo "2385"]
[BlackElo "2207"]
[EventDate "2007.04.03"]

1. Nf3 d6 2. g3 g6 3. Bg2 Bg7 4. O-O Nf6 5. c4 O-O 6. Nc3 e5 7. b4 Re8 8.
Bb2 c6 9. b5 d5 10. bxc6 bxc6 11. cxd5 cxd5 12. Rc1 Na6 13. Nb5 Qb6 14. a4
Ne4 15. d4 Bd7 16. Qb3 exd4 17. Bxd4 Bxd4 18. Nfxd4 Nd2 19. Qa2 Nxf1 20.
Bxd5 Rac8 21. Bxf7+ Kg7 22. Bxe8 Rxc1 23. Qf7+ Kh6 24. Qf4+ Kg7 25. Qxc1
Bxe8 26. Kxf1 Nc5 27. Qxc5 1-0

[Event "8th ch-Euro"]
[Site "Dresden GER"]
[Date "2007.04.06"]
[Round "4"]
[White "Donchenko,A"]
[Black "Ringoir,T"]
[Result "1/2-1/2"]
[WhiteElo "2402"]
[BlackElo "2200"]
[EventDate "2007.04.03"]

1. g3 Nf6 2. Bg2 g6 3. d4 Bg7 4. e4 d6 5. Nc3 O-O 6. Nge2 Nbd7 7. O-O c5 8.
h3 a6 9. Be3 Qc7 10. g4 e6 11. Qd2 cxd4 12. Nxd4 Ne5 13. b3 Bd7 14. g5 Nh5
15. Nce2 b5 16. Rac1 Rac8 17. f4 Nc6 18. c4 Nxd4 19. Nxd4 Qb8 20. Ne2
1/2-1/2

[Event "8th ch-Euro"]
[Site "Dresden GER"]
[Date "2007.04.06"]
[Round "4"]
[White "Vuilleumier,A"]
[Black "Kongevold,H"]
[Result "1-0"]
[WhiteElo "2368"]
[BlackElo "2178"]
[EventDate "2007.04.03"]

1. e4 d5 2. exd5 Nf6 3. Nf3 Bg4 4. h3 Bxf3 5. Qxf3 Qxd5 6. Qxd5 Nxd5 7. d4
e6 8. c3 Nd7 9. Nd2 c5 10. Nf3 cxd4 11. Nxd4 O-O-O 12. Bg5 N7f6 13. Rd1 Be7
14. Be2 h6 15. Bc1 Ne4 16. Bf3 Ng5 17. Bg4 Nf6 18. Be2 Nge4 19. O-O Bc5 20.
Bf3 Ng5 21. Be2 Nge4 22. Bf4 Bd6 23. Bxd6 Nxd6 24. Nf3 Nd5 25. Ne5 Nf4 26.
Bg4 f5 27. Bf3 g5 28. Kh2 h5 29. Rd4 h4 30. Rfd1 Ne4 31. Bxe4 fxe4 32. Nf7
Rxd4 33. Rxd4 Rf8 34. Nxg5 Ne2 35. Nxe6 Rxf2 36. Rd8+ 1-0

[Event "8th ch-Euro"]
[Site "Dresden GER"]
[Date "2007.04.06"]
[Round "4"]
[White "Bruned,Y"]
[Black "Geske,J"]
[Result "1/2-1/2"]
[WhiteElo "2335"]
[BlackElo "2139"]
[EventDate "2007.04.03"]

1. e4 e5 2. Nf3 Nc6 3. Bb5 a6 4. Bxc6 dxc6 5. Nc3 Qd6 6. d4 exd4 7. Qxd4
Bg4 8. Be3 Qxd4 9. Nxd4 O-O-O 10. f3 Bd7 11. O-O-O h5 12. h4 Nh6 13. Bf4 f6
14. Nde2 Nf7 15. Ng3 Bd6 16. Nce2 g6 17. Bd2 Ne5 18. Bf4 Be6 19. Kb1 Bf7
20. Bc1 Rhe8 21. Nf1 b5 22. Ne3 Kb7 23. b3 Bc5 24. Rxd8 Rxd8 25. Rd1 Rxd1
26. Nxd1 Kc8 27. c3 Kd7 28. Kc2 Bd6 29. Nf2 c5 30. f4 Nc6 31. Be3 a5 32. a3
Nd8 33. Nc1 Nb7 34. g4 c4 35. b4 axb4 36. axb4 c5 37. Na2 cxb4 38. Nxb4 Nc5
39. e5 fxe5 40. fxe5 Be7 41. gxh5 gxh5 42. Nh3 Ne4 43. Nf4 Be8 44. e6+ Kd6
45. Ba7 Bxh4 46. Bb8+ Ke7 47. Nbd5+ Kd8 48. Bc7+ Kc8 49. Be5 Bc6 50. Nb4
Bb7 51. Nxh5 Nc5 52. Nf4 Bg3 53. Bd6 Ne4 54. Be5 Ng5 55. e7 Kd7 56. Ng6 Bf2
57. Kb2 Be4 58. Bf6 Bxg6 59. Bxg5 Be4 60. Na6 Bg6 1/2-1/2

[Event "8th ch-Euro"]
[Site "Dresden GER"]
[Date "2007.04.06"]
[Round "4"]
[White "Sobolevsky,L"]
[Black "Kaphle,St"]
[Result "0-1"]
[WhiteElo "2336"]
[BlackElo "2128"]
[EventDate "2007.04.03"]

1. e4 c5 2. Nf3 d6 3. d4 cxd4 4. Nxd4 Nf6 5. Nc3 a6 6. Bg5 e6 7. Qe2 Be7 8.
h4 Nc6 9. O-O-O O-O 10. f4 Nxd4 11. Rxd4 Qb6 12. Rd3 Qc7 13. e5 Ne8 14.
Bxe7 Qxe7 15. exd6 Nxd6 16. Qd1 Nc4 17. Rd4 Na5 18. g3 Nc6 19. Rd2 e5 20.
Bd3 exf4 21. Nd5 Qe6 22. gxf4 Kh8 23. c4 Qh6 24. Qg1 b5 25. Be4 Rb8 26. c5
Na5 27. Qg5 Qc6 28. Nc3 Qc7 29. b4 Nc4 30. Nd5 Qc6 31. Rg2 Rg8 32. Re1 Qe6
33. Rgg1 Qh3 34. Qg3 a5 35. Qxh3 Bxh3 36. Rg5 h6 37. Rg3 Bd7 38. Bg2 Rge8
39. Rd1 Bc6 40. Bf1 Bxd5 41. Rxd5 Ne3 42. Bg2 Nxd5 43. Bxd5 axb4 44. c6
Rbc8 45. Kb2 Red8 46. Be4 Rd4 47. Re3 g5 48. h5 Re8 49. c7 Rc8 50. fxg5
Rxc7 0-1

[Event "8th ch-Euro"]
[Site "Dresden GER"]
[Date "2007.04.06"]
[Round "4"]
[White "Becker,Mart"]
[Black "Kuehner,C"]
[Result "1-0"]
[WhiteElo "2332"]
[BlackElo "2135"]
[EventDate "2007.04.03"]

1. d4 Nf6 2. Nf3 e6 3. e3 b6 4. Bd3 Bb7 5. O-O Be7 6. Nbd2 d5 7. Ne5 O-O 8.
b3 c5 9. Bb2 Ne4 10. f3 Nxd2 11. Qxd2 f6 12. Ng4 f5 13. Ne5 Nd7 14. Rad1
cxd4 15. Nxd7 Qxd7 16. exd4 Bd6 17. Rfe1 Rae8 18. Qf2 Qf7 19. f4 h6 20. c4
g5 21. fxg5 Qh5 22. h3 hxg5 23. c5 bxc5 24. dxc5 Bc7 25. Bb5 Re7 26. c6 Bb6
27. Bd4 Bxd4 28. Rxd4 Bc8 29. Rxd5 Rh7 30. Rd3 f4 31. Re5 Qg6 32. Qc5 Rg7
33. c7 g4 34. Rd8 Qf6 35. Qxf8+ Qxf8 36. hxg4 Rxc7 37. Rxf8+ Kxf8 38. Bc4
Kg7 39. g5 Kg6 40. Kf2 Rf7 41. Bxe6 Bxe6 42. Rxe6+ Kxg5 43. Kf3 Rf5 44. Re4
a5 45. Ra4 1-0